Inštutucionálny systém ochrany proti nekalej súťaži v medzinárodnom obchode

Aktuálny stav ochrany proti nekalej súťaži v medzinárodnom obchode a možné dopady na trhovú štruktúru v prostredí medzinárodného a vnútorného obchodu jednotlivých štátov. Vymedzenie pojmov a teoretické východiská. Súčasný systém regulácie nekalej súťaže na medzinárodnej úrovni. Všeobecná nadstavba s...

Full description

Saved in:
Bibliographic Details
Main Author: Mišura, Ján
Format: Book Chapter
Language:Slovak
Subjects:
Tags: Add Tag
No Tags, Be the first to tag this record!

MARC

LEADER 00000nla$a2200000$$$4500
001 0110921
005 20240502072227.8
041 0 |a slo 
044 |a SK 
245 1 0 |a Inštutucionálny systém ochrany proti nekalej súťaži v medzinárodnom obchode  |c Ján Mišura 
520 |a Aktuálny stav ochrany proti nekalej súťaži v medzinárodnom obchode a možné dopady na trhovú štruktúru v prostredí medzinárodného a vnútorného obchodu jednotlivých štátov. Vymedzenie pojmov a teoretické východiská. Súčasný systém regulácie nekalej súťaže na medzinárodnej úrovni. Všeobecná nadstavba systému ochrany práv a duševného vlastníctva. 
610 2 0 |a obchod medzinárodný 
610 2 0 |a prostredie ekonomické 
610 2 0 |a vzťahy vlastnícke 
610 2 0 |a ochrana práv priemyselných 
610 2 0 |a vlastníctvo duševné 
100 1 |a Mišura, Ján